000 00947nmc a2200325 a 4500
003 AR-BaBNM
005 20251128204846.0
008 156019s1985 ||||||||||||||000 | spa||
020 _a950-25-0103-9
040 _cAR-BaBNM
100 1 _aCeballos, Carlos A.
245 1 0 _aLos estudiantes universitarios y la política 1955-1970
260 _aBuenos Aires
_bCentro Editor de América Latina
_c1985
300 0 _a136 p.
490 0 _aBiblioteca política argentina
_vv. 103
600 0 4 _aFrondizi
_d1958-1962
600 0 4 _aIllia
_d1963-1966
600 0 4 _aOngania
_d1966-1970
610 2 4 _aFederación Universitaria Argentina
650 4 _aHISTORIA ARGENTINA
650 4 _aHISTORIA DE LA EDUCACION
650 4 _aREVOLUCION DE SETIEMBRE DE 1955
650 4 _aREVOLUCION DE 1966
650 4 _aPOLITICA
650 4 _aUNIVERSIDADES
651 4 _aArgentina
800 1 _aTroncoso, Oscar
_edirector
942 _cBK
998 _cEnrique
999 _c9071
_d9071